| 000 | 00795nam0a22002531 4500 | ||
|---|---|---|---|
| 001 | rc\2671979 | ||
| 005 | 20250623151809.0 | ||
| 035 | _a(NLR Aleph) 006800519 | ||
| 090 |
_a6238745 _c6238745 |
||
| 100 | _a20110915d1932 |||y0rusy50 ca | ||
| 101 | 0 | _arus | |
| 102 | _aRU | ||
| 105 | _ay z |||a| | ||
| 200 | 1 |
_aЗакон тайги _eПьеса в 5 д., 8 карт. _fСтепан Шилов |
|
| 210 |
_aМосква _aИркутск _cОгиз _d1932 _eИркутск _gтип. Крайгиза |
||
| 215 |
_aОбл., 74 с. _d17х12 см. |
||
| 300 | _aОбл.: Н. А. | ||
| 700 | 1 |
_aШилов _bС.С. _f1885-1954 _gСтепан Самойлович |
|
| 801 | 0 |
_aRU _bNLR _gpsbo |
|
| 801 | 1 |
_aRU _bELAR _2rusmarc |
|
| 852 |
_aNLR _jР32-8/10688 |
||
| 942 | _cBOOK | ||
| 980 | _aNB | ||